MARC

LEADER 00000nam0a2200000 4500
001 284992
005 20231101235742.0
020 |a RU  |b 85-22072 
035 |a (RuTPU)RU\TPU\book\309190 
090 |a 284992 
100 |a 20150219d1985 km y0rusy5003 ca 
101 0 |a rus 
102 |a RU 
105 |a a g 001zy 
200 1 |a Справочник по эксплуатации и ремонту гидротурбинного оборудования  |f под ред. Е. П. Штерна 
210 |a Москва  |c Энергоатомиздат  |d 1985 
215 |a 368 с.  |c ил.  |d 22 см 
320 |a Библиогр.: с. 362-364 
606 1 |a Гидротурбины  |x Эксплуатация  |2 stltpush  |3 (RuTPU)RU\TPU\subj\7035  |9 34774 
610 1 |a гидроэлектрические станции 
610 1 |a турбинное оборудование 
610 1 |a ремонт 
610 1 |a конструкции 
610 1 |a автоматическое управление 
610 1 |a эксплуатационный контроль 
610 1 |a кавитационная эрозия 
610 1 |a гидроабразивная эрозия 
610 1 |a турбинные масла 
610 1 |a смазочные масла 
610 1 |a наладка 
610 1 |a такелажные работы 
610 1 |a охрана труда 
610 1 |a пожарная безопасность 
610 1 |a справочники 
675 |a 621.224.004(035)  |z rus  |v 3 
702 1 |a Штерн  |b Е. П.  |g Евгений Павлович  |4 340 
801 0 |a RU  |b RuMRKP  |c 19950704  |g psbo 
801 1 |a RU  |b 63413507  |c 20150219 
801 2 |a RU  |b 63413507  |c 20170214  |g RCR 
942 |c BK